Quizzes
Events
Quiz Creation
Community
Videos
Private Events
Remove Ads
Sign In
Join for FREE
Feedback
Dark Mode
Quiz Categories
Sports
Geography
Music
Movies
Television
Just For Fun
Miscellaneous
History
Literature
Language
Science
Gaming
Entertainment
Religion
Holiday
For Kids
Quiz Lab
Recent
Popular Today
Quiz Kudos Today
Editor Picks
Curator Picks
Quizzes by...
Day
Popularity
Type
Ratings
Length
Year
Community
Subscriptions
Recent Discussions
Orange Saloon
Badges
Playlists
Quests
Create
Leaderboards
Showdown
Live 5
Trivia Bingo
Activity
Puzzle Library
Sporcle Events
Private Events
Virtual Trivia
Globe League
Become a Host
Pub Owners
SporcleCon
Opinionation
Our Games
Videos
Blog
Mobile Apps
Partnerships
Remove Ads and Go Orange
Feedback
Miscellaneous
Crossword
General Knowledge
Baby Names
Logo
Food
Cars
Numbers
Grab Bag
University
College
Popular
Company
Slogans
Restaurants
Justice
Letter
Miscellaneous
Crossword
General Knowledge
Baby Names
Logo
Food
Cars
Numbers
Grab Bag
University
College
Popular
Company
Slogans
Restaurants
Justice
Letter
Random Quiz
Search Sporcle
×
Quiz Lab
Quiz Lab
Miscellaneous
Eurovision Songs
Type in answers that appear in a list
Type in answers that appear in a list
Classic
Best Score? Go Orange.
Iceland Eurovision 2009 Lyrics Stats
Can you name the lyrics to the Icelanic 2009 Eurovision entry?
By
Mada3
8m
177 Questions
172 Plays
172 Plays
172 Plays
Comments
Comments
Give Quiz Kudos
Give Quiz Kudos
-
- Ratings
hide this ad
Replay
Link that replays current quiz
Next Quiz
Link to next quiz in quiz playlist
You Got
0%
They Got
Avg Score
77%
Avg Friend Score
Upgrade to see
Score Distribution
Jump to the score distribution portion of the page
Score
0/177
Timer
08:00
0
Plays Today
Answer
% Correct
the
95.9%
a
95.9%
the
95.9%
I
93%
I
93%
I
93%
I
93%
I
93%
I
93%
You
91.9%
you
91.9%
you?
91.9%
you
91.9%
You
91.9%
you
91.9%
You
91.9%
You
91.9%
you?
91.9%
you
91.9%
You
91.9%
you?
91.9%
you
91.9%
You
91.9%
me
90.7%
me
90.7%
is
90.7%
me
90.7%
Is
90.7%
Is
90.7%
me
90.7%
me
90.7%
me
90.7%
me
90.7%
is
90.7%
Is
90.7%
Is
90.7%
me?
90.7%
me
90.7%
Is
90.7%
Is
90.7%
me
90.7%
me
90.7%
Is
90.7%
Is
90.7%
Is
90.7%
is
90.7%
it
90.1%
it
90.1%
it
90.1%
it
90.1%
it
90.1%
it
90.1%
it
90.1%
it
90.1%
it
90.1%
it
90.1%
it
90.1%
it
90.1%
it
90.1%
Answer
% Correct
it?
90.1%
it
90.1%
it
90.1%
it
90.1%
it
90.1%
true?
85.5%
true?
85.5%
true?
85.5%
true?
85.5%
true?
85.5%
Was
82.6%
Was
82.6%
Was
82.6%
Did
82%
Did
82%
Did
82%
Did
82%
Did
82%
Did
82%
Did
82%
did
82%
tell
81.4%
tell
81.4%
tell
81.4%
tell
81.4%
over?
80.2%
this
80.2%
this
80.2%
over?
80.2%
this
80.2%
over?
80.2%
this
80.2%
this
80.2%
over?
80.2%
never
79.7%
never
79.7%
never
79.7%
way
79.1%
way?
79.1%
way?
79.1%
away?
78.5%
away?
78.5%
away?
78.5%
away?
78.5%
throw
77.9%
leave
77.9%
throw
77.9%
leave
77.9%
throw
77.9%
leave
77.9%
throw
77.9%
would
76.7%
would
76.7%
would
76.7%
would
76.7%
to
74.4%
to
74.4%
to
74.4%
Are
73.8%
Answer
% Correct
Are
73.8%
no
72.7%
No
72.7%
say
71.5%
real?
70.9%
in
70.3%
in
70.3%
really
69.8%
really
69.8%
of
68%
of
68%
of
68%
know
67.4%
What
66.9%
your
66.9%
do
66.9%
only
66.3%
only
66.3%
not
64%
they
64%
they
64%
out
62.8%
out
62.8%
my
62.8%
be
62.2%
So
61.6%
dream
61.6%
dream
61.6%
perfect
59.9%
blue
59.9%
You're
58.1%
show
58.1%
rumours
57%
rumours?
57%
lies?
57%
Falling
56.4%
Coming
56.4%
If
56.4%
If
56.4%
eyes
55.8%
one
55.2%
afraid
54.7%
friend
54.7%
Will
54.7%
us
54.1%
'bout
52.3%
need
52.3%
knew
51.7%
couldn't
51.7%
lying
51.7%
trying
51.2%
There's
50.6%
pretend
50.6%
use
49.4%
Baby
47.7%
from
45.9%
wake
38.4%
pain
34.3%
Ooh
18.6%
Quiz Playlist
Details
Report
Send in Message
Add To Playlist
Classic:
Type in answers that appear in a list
Last Updated: Feb 16, 2017
Quiz Scoreboard
CHALLENGE
Sign Up to Join the Scoreboard
Show All
Scores
Hide
Comments
May contain spoilers
Recently Published
Billboard Blitz: Fleetwood Mac
by CooCooCachoo
Music
15s
Presidents Visiting Landmarks
by Hejman
History
7m
An Introduction to Baseball
by treessimontrees
Sports
5m
More to Explore
Quiz From the Vault
Featured Blog Post
Where Did the Easter Bunny Come From?
hide this ad
You Might Also Like...
Tags
2009
Eurovision Participants
Eurovision Songs
Today's Top Quizzes in Miscellaneous
Browse Miscellaneous
hide this ad
Today's Top Quizzes in Eurovision Songs
Browse Eurovision Songs
Top Contributed Quizzes in Miscellaneous
1
5-to-1: Fast Food
2
The JOE quick-fire general knowledge quiz: Day 174
3
The JOE quick-fire general knowledge quiz: Day 173
4
5-to-1: Cocktails
5
The JOE quick-fire general knowledge quiz: Day 172
6
Sunday Crossword: Famous Bodies of Water
7
One Thing in Common: United Kingdom II
8
The JOE quick-fire general knowledge quiz: Day 171
9
Named After an Animal - Odd One Out!
10
The JOE quick-fire quiz: Day 170
Explore More
Trending Topics
Marvel
Kpop
Harry Potter
NBA
Crossword
Disney
Anime
Song
The Office
WWE
Puzzle
Pokémon
Country
NFL
Soccer
hide this ad
More By:
Mada3
Quiz
Plays
Rating
Category
Featured
Created
Eurovision 2014 mystery lyrics
369
1.00
Miscellaneous
May 19, 2016
MANGA lyrics- Eurovision 2010- We could be the same
244
4.00
Miscellaneous
May 19, 2016
Iceland Eurovision 2009 Lyrics
172
4.50
Miscellaneous
May 18, 2016
Go to Creator's Profile
Score Distribution
Quiz Creator Spotlight
Mada3
Follow
Send a Message
Quizzes Created
-
Created Quiz Play Count
-
More By This Creator
Popular Quizzes Today
1
Find the US States - No Outlines Minefield
2
Find the Countries of Europe - No Outlines Minefield
3
The Countries of the World
4
Find the US States
5
US States
6
Popular People in 1961
7
Risky Map Clicking: Biggest States A-Z
8
Movies - When Are They Set?
More Miscellaneous Quizzes
Click a Dave
Published
Trending Quizzes
Risky Map Clicking: Least Populous States A-Z
1-10 Letter G Words
1-10 Letter F Words
Risky Map Clicking: Next State Alphabetically
Risky Map Clicking: Biggest States A-Z
Recently Updated
Leaping Animals
pecheneg
Reality TV Shows (A-Z)
bhenderson79
Rickey Henderson's Hall of Fame Teammates
pecheneg
Champions League XIs: Arsenal
pecheneg
Quick Pick: Celebrities in WWE's Hall of Fame
aduchscher
A-Z Keypad Blitz II
pecheneg
Multiple Oscar Actors
pecheneg
Mystery Phrase Blitz: Oscar 'Best Actors'
pecheneg
F. Scott Fitzgerald Novels
LTH
Pick 3 Villains
ddd62291
Trending Topics
Harry Potter
Crossword
Anime
Kpop
Disney
Marvel
NBA
Song
Soccer
NFL
WWE
Country
The Office
Puzzle
Pokémon
Your Account Isn't Verified!
In order to create a playlist on Sporcle, you need to verify the email address you used during registration. Go to your
Sporcle Settings
to finish the process.
Report this User
Report this user for behavior that violates our
Community Guidelines
.
Details:
Send Report
Go to the Sporcle.com Mobile Site →
Comments